01373nam a2200361 a 4500001001200000003000800012006001900020007001500039008004100054010001700095020001800112020001800130020002700148025002700175040002100202035002100223041001300244050002900257100001700286240002000303245012900323260004200452300001600494504005100510533015200561650004000713650002500753650003800778655002900816700002300845710001700868856012600885ebr10495500CaPaEBRm u cr cn|||||||||110129s2011 ii sb 001 0 eng d z 2010317968 z9788182911093 z9781906387808 z9781906387839 (e-book) aI-E-2010-317968; 63-01 aCaPaEBRcCaPaEBR a(OCoLC)7591598491 aenghfre14aHB3717 2008b.A45 2011eb1 aAmin, Samir.10aCrise.lEnglish10aEnding the crisis of capitalism or ending capitalism?h[electronic resource] /cSamir Amin ; translated by Victoria Bawtree. aBangalore :bBooks for Change,c2011. avii, 199 p. aIncludes bibliographical references and index. aElectronic reproduction.bPalo Alto, Calif. :cebrary,d2011.nAvailable via World Wide Web.nAccess may be limited to ebrary affiliated libraries. 0aGlobal Financial Crisis, 2008-2009. 0aCapitalismxHistory. 0aInternational economic relations. 7aElectronic books.2local1 aBawtree, Victoria.2 aebrary, Inc.40uhttp://site.ebrary.com/lib/rucke/Doc?id=10495500zAn electronic book accessible through the World Wide Web; click to view